000
00227nam a22001097a 4500
041
_a
eng
080
_a
80
100
_a
Braune, W., Ebbinghaus, E. A.
245
_a
Althochdeutsches Lesebuch.
650
_a
German
999
_c
281022
_d
281022
942
_c
BK